El sol al servicio de la humanidad : historia de la energía solar en Chile /
Zapisane w:
| Kolejni autorzy: | , , |
|---|---|
| Format: | Elektroniczne E-book |
| Język: | hiszpański |
| Wydane: |
Santiago de Chile : [Valparaíso]:
RiL editores ; Universidad Técnica Federico Santa María,
[2019]
|
| Hasła przedmiotowe: | |
| Dostęp online: | Digitalia Hispánica |
| Etykiety: |
Dodaj etykietę
Nie ma etykietki, Dołącz pierwszą etykiete!
|
MARC
| LEADER | 00000nam a2200000 i 4500 | ||
|---|---|---|---|
| 001 | DIGRILEDIT1023 | ||
| 003 | NyNyDIG | ||
| 008 | 221015s2019 cl a ob 000 0 spa d | ||
| 006 | m o d | ||
| 007 | cr ||||||||||| | ||
| 035 | |a (OCoLC)1350507592 | ||
| 040 | |a DGITA |b eng |e rda |e pn |c DGITA | ||
| 020 | |z 9789560107473 | ||
| 050 | 1 | 4 | |a TJ809.97.C5 ebook |
| 082 | 0 | 4 | |a 333.792309489 |
| 245 | 0 | 3 | |a El sol al servicio de la humanidad : |b historia de la energía solar en Chile / |c Mauricio Osses, Cecilia Ibarra, Bárbara Silva (editores) |
| 264 | 1 | |a Santiago de Chile : |b RiL editores ; |a [Valparaíso]: |b Universidad Técnica Federico Santa María, |c [2019] | |
| 300 | |a 1 online resource : |b illustrations. | ||
| 336 | |a text |b txt |2 rdacontent | ||
| 337 | |a computer |b c |2 rdamedia | ||
| 338 | |a online resource |b cr |2 rdacarrier | ||
| 347 | |a text file |2 rdaft | ||
| 347 | |b PDF | ||
| 504 | |a Includes bibliographical references. | ||
| 588 | 0 | |a Online resource; title from PDF title page (Digitalia, viewed October 15, 2022) | |
| 650 | 0 | |a Solar energy |z Chile |x History. | |
| 655 | 0 | |a Electronic books. | |
| 700 | 1 | |a Osses, Mauricio, |e editor. | |
| 700 | 1 | |a Ibarra, Cecilia, |e editor. | |
| 700 | 1 | |a Silva, Bárbara, |e editor. | |
| 776 | 0 | 8 | |i Print version: |t Sol al servicio de la humanidad. |b Primera edición. |d Santiago de Chile : RiL editores : Universidad Técnica Federico Santa María, octubre de 2019 |z 9789560107473 |
| 791 | 2 | |a Digitalia (Firm), |e distributor. | |
| 793 | 0 | |g Digitalia eBook Collection: |a Ril Editores | |
| 856 | 4 | 0 | |3 Digitalia Hispánica |u https://digitalia.unach.elogim.com/a/65518/ |
| 910 | |a Premium collection: 2022 | ||